<?xml version="1.0" encoding="UTF-8"?>
<record
    xmlns:xsi="http://www.w3.org/2001/XMLSchema-instance"
    xsi:schemaLocation="http://www.loc.gov/MARC21/slim http://www.loc.gov/standards/marcxml/schema/MARC21slim.xsd"
    xmlns="http://www.loc.gov/MARC21/slim">

  <leader>00856nam a22002537a 4500</leader>
  <datafield tag="999" ind1=" " ind2=" ">
    <subfield code="c">107358</subfield>
    <subfield code="d">107358</subfield>
  </datafield>
  <controlfield tag="005">20200221110345.0</controlfield>
  <datafield tag="010" ind1=" " ind2=" ">
    <subfield code="a">A-791427-428</subfield>
  </datafield>
  <datafield tag="020" ind1=" " ind2=" ">
    <subfield code="c">180.00</subfield>
    <subfield code="a">817201810x</subfield>
  </datafield>
  <datafield tag="035" ind1=" " ind2=" ">
    <subfield code="a">A-791427-428</subfield>
  </datafield>
  <datafield tag="037" ind1=" " ind2=" ">
    <subfield code="b">Cen Lib/Ret</subfield>
  </datafield>
  <datafield tag="082" ind1=" " ind2=" ">
    <subfield code="a">&#x646;</subfield>
  </datafield>
  <datafield tag="100" ind1=" " ind2=" ">
    <subfield code="a">&#x631;&#x627;&#x624;&#x60C; &#x631;&#x627;&#x62C;&#x627; </subfield>
  </datafield>
  <datafield tag="245" ind1=" " ind2=" ">
    <subfield code="a"> &#x633;&#x627;&#x646;&#x67E; &#x627;&#x648;&#x631; &#x631;&#x633;&#x633;&#x6CC; /</subfield>
    <subfield code="c">&#x631;&#x627;&#x62C;&#x627; &#x631;&#x627;&#x648; ; &#x61B;&#x62A;&#x631;&#x62C;&#x645;&#x6C1;  &#x628;&#x644;&#x631;&#x627;&#x62C; &#x6A9;&#x648;&#x645;&#x644; </subfield>
  </datafield>
  <datafield tag="246" ind1=" " ind2=" ">
    <subfield code="a">Sanp Aur Rassi /</subfield>
    <subfield code="b">by Raja Komal ; traslated by Balraj Komal </subfield>
  </datafield>
  <datafield tag="260" ind1=" " ind2=" ">
    <subfield code="a">&#x6CC;&#x62F;&#x6C1;&#x644; &#x646;&#x626;&#x6CC;   </subfield>
    <subfield code="b">&#x633;&#x627;&#x6C1;&#x62A;&#x6CC;&#x6C1; &#x627;&#x6A9;&#x627;&#x62F;&#x645;&#x6CC; </subfield>
    <subfield code="c">1996 &#x621;</subfield>
  </datafield>
  <datafield tag="270" ind1=" " ind2=" ">
    <subfield code="a">&#x631;&#x648;&#x6CC;&#x646;&#x62F;&#x631;&#x627; &#x628;&#x6BE;&#x648;&#x6BA; &#x663;&#x665; &#x641;&#x6CC;&#x631;&#x648;&#x632; &#x634;&#x627;&#x6C1; &#x645;&#x627;&#x631;&#x6AF; </subfield>
    <subfield code="b">&#x6CC;&#x62F;&#x6C1;&#x644; &#x646;&#x626;&#x6CC;  </subfield>
    <subfield code="e">110001</subfield>
  </datafield>
  <datafield tag="300" ind1=" " ind2=" ">
    <subfield code="a">537p.</subfield>
    <subfield code="c">21cm(Hb)</subfield>
  </datafield>
  <datafield tag="650" ind1=" " ind2=" ">
    <subfield code="a">&#x627;&#x631;&#x62F;&#x648; &#x627;&#x62F;&#x628;  </subfield>
  </datafield>
  <datafield tag="650" ind1=" " ind2=" ">
    <subfield code="a">&#x627;&#x631;&#x62F;&#x648; &#x646;&#x627;&#x648;&#x644; </subfield>
  </datafield>
  <datafield tag="650" ind1=" " ind2=" ">
    <subfield code="a">Urdu Literature</subfield>
  </datafield>
  <datafield tag="650" ind1=" " ind2=" ">
    <subfield code="a">Urdu novel</subfield>
  </datafield>
  <datafield tag="700" ind1=" " ind2=" ">
    <subfield code="a">&#x628;&#x644;&#x631;&#x627;&#x62C; &#x6A9;&#x648;&#x645;&#x644; </subfield>
    <subfield code="9">118943</subfield>
  </datafield>
  <datafield tag="942" ind1=" " ind2=" ">
    <subfield code="2">ddc</subfield>
    <subfield code="c">UR</subfield>
    <subfield code="h">&#x646;</subfield>
    <subfield code="m">&#x631; &#x627; &#x648; </subfield>
  </datafield>
  <datafield tag="952" ind1=" " ind2=" ">
    <subfield code="0">0</subfield>
    <subfield code="1">0</subfield>
    <subfield code="4">0</subfield>
    <subfield code="7">0</subfield>
    <subfield code="a">L</subfield>
    <subfield code="b">L</subfield>
    <subfield code="d">2016-01-07</subfield>
    <subfield code="e">Cen Lib/Ret</subfield>
    <subfield code="g">180.00</subfield>
    <subfield code="l">1</subfield>
    <subfield code="o">&#x646; &#x631; &#x627; &#x648;</subfield>
    <subfield code="p">A-791427</subfield>
    <subfield code="r">2017-10-05 00:00:00</subfield>
    <subfield code="s">2017-09-21</subfield>
    <subfield code="t">2</subfield>
    <subfield code="v">180.00</subfield>
    <subfield code="y">UR</subfield>
  </datafield>
  <datafield tag="952" ind1=" " ind2=" ">
    <subfield code="0">0</subfield>
    <subfield code="1">0</subfield>
    <subfield code="4">0</subfield>
    <subfield code="7">0</subfield>
    <subfield code="a">L</subfield>
    <subfield code="b">L</subfield>
    <subfield code="d">2016-01-14</subfield>
    <subfield code="e">Cen Lib/Ret</subfield>
    <subfield code="g">180.00</subfield>
    <subfield code="l">0</subfield>
    <subfield code="o">&#x646; &#x631; &#x627; &#x648;</subfield>
    <subfield code="p">A-791428</subfield>
    <subfield code="r">2016-01-14 00:00:00</subfield>
    <subfield code="t">2</subfield>
    <subfield code="v">180.00</subfield>
    <subfield code="w">2016-01-14</subfield>
    <subfield code="y">UR</subfield>
  </datafield>
</record>
